| 000 | 01063nam a2200253 a 4500 | ||
|---|---|---|---|
| 001 | 49397 | ||
| 003 | BD-RjUL | ||
| 005 | 20211209054656.0 | ||
| 008 | 160820s1979 bg ||||| |||| 00| f ben d | ||
| 020 | _c: Tk. 5.00 | ||
| 035 | _a(BD-RjUL) 49516 | ||
| 040 |
_aBD-RjUL _bben _cBD-RjUL |
||
| 041 | _aben | ||
| 082 |
_223 _a891.44309 _bCHK 1979 |
||
| 100 | 1 |
_aচৌধুরী, সিরাজুল ইসলাম _9148292 |
|
| 245 | 1 | 0 |
_aকুসুম বন্ধন / _cসিরাজুল ইসলাম চৌধুরী |
| 260 |
_aঢাকা : _bমুক্তধারা, _c১৯৭৯ |
||
| 300 |
_a৭০ পৃ. ; _c২১ সেমি. |
||
| 490 |
_aসাহিত্য ও সংস্কৃতি পরিক্রমা ; _v১ |
||
| 650 |
_aবাংলা উপন্যাস _xইতিহাস ও সমালোচনা _9120092 |
||
| 650 |
_aBengali Fiction _xHistory and Criticism _9118845 |
||
| 830 |
_aসাহিত্য ও সংস্কৃতি পরিক্রমা ; _v১ _9148296 |
||
| 942 |
_2ddc _cBK |
||
| 999 |
_c49397 _d49397 |
||